Science - Chemistry | 0 | 6 | 0 | 1 | 60 | 70 | 105.83 | 2 | 6 |
Fine Arts - Auditory Fine Arts | 0 | 4 | 0 | 1 | 40 | 100 | 125.75 | 1 | 4 |
Social Science | 0 | 3 | 1 | 2 | 25 | 91 | 117.00 | 0 | 3 |
Other Academic | 0 | 2 | 0 | 1 | 20 | 79 | 106.00 | 1 | 2 |
Chemistry> | 0 | 2 | 0 | 2 | 20 | 104 | 116.00 | 0 | 2 |
History - European History | 1 | 1 | 1 | 0 | 20 | 23 | 75.50 | 1 | 2 |
Science - Physics | 0 | 2 | 0 | 0 | 20 | 83 | 99.00 | 2 | 2 |
Literature - American Literature | 1 | 0 | 0 | 0 | 15 | 53 | 53.00 | 1 | 1 |
Other Arts: Visual | 1 | 0 | 0 | 0 | 15 | 46 | 46.00 | 1 | 1 |
Current Events | 0 | 1 | 0 | 0 | 10 | 97 | 97.00 | 0 | 1 |
Other Arts: Auditory | 0 | 1 | 0 | 0 | 10 | 115 | 115.00 | 0 | 1 |
Science - Biology | 0 | 1 | 2 | 0 | 0 | 96 | 96.00 | 0 | 1 |
Beliefs | 0 | 0 | 0 | 0 | 0 | | 0.00 | 0 | 0 |
Literature - European Literature | 0 | 0 | 0 | 0 | 0 | | 0.00 | 0 | 0 |
History - World History | 0 | 0 | 1 | 0 | -5 | | 0.00 | 0 | 0 |
Other Science: Earth Science | 0 | 0 | 1 | 0 | -5 | | 0.00 | 0 | 0 |
Other Science: Math | 0 | 0 | 1 | 0 | -5 | | 0.00 | 0 | 0 |
Fine Arts - Visual Fine Arts | 0 | 0 | 1 | 0 | -5 | | 0.00 | 0 | 0 |